| 000 | 01415nam a2200361Ia 4500 | ||
|---|---|---|---|
| 001 | ebr10053739 | ||
| 003 | CaPaEBR | ||
| 006 | m u | ||
| 007 | cr cn||||||||| | ||
| 008 | 000201s2000 nyua sb 001 0 eng d | ||
| 010 | _z 00024777 | ||
| 020 | _z0203904605 | ||
| 020 | _z0815338996 (alk. paper) | ||
| 040 |
_aCaPaEBR _cCaPaEBR |
||
| 035 | _a(OCoLC)52202263 | ||
| 050 | 1 | 4 |
_aHV5132 _b.C47 2000eb |
| 082 | 0 | 4 |
_a362.29/13 _221 |
| 245 | 0 | 0 |
_aChildren of addiction _h[electronic resource] : _bresearch, health, and public policy issues / _cedited by Hiram E. Fitzgerald, Barry M. Lester, Barry S. Zuckerman. |
| 260 |
_aNew York : _bRoutledgeFalmer, _c2000. |
||
| 300 |
_axiv, 234 p. : _bill. |
||
| 504 | _aIncludes bibliographical references and indexes. | ||
| 533 |
_aElectronic reproduction. _bPalo Alto, Calif. : _cebrary, _d2009. _nAvailable via World Wide Web. _nAccess may be limited to ebrary affiliated libraries. |
||
| 650 | 0 | _aChildren of alcoholics. | |
| 650 | 0 | _aChildren of drug addicts. | |
| 650 | 0 |
_aAlcoholics _xFamily relationships. |
|
| 650 | 0 |
_aParents _xDrug use. |
|
| 655 | 7 |
_aElectronic books. _2local |
|
| 700 | 1 | _aFitzgerald, Hiram E. | |
| 700 | 1 | _aLester, Barry M. | |
| 700 | 1 | _aZuckerman, Barry S. | |
| 710 | 2 | _aebrary, Inc. | |
| 856 | 4 | 0 |
_uhttp://site.ebrary.com/lib/rucke/Doc?id=10053739 _zAn electronic book accessible through the World Wide Web; click to view |
| 999 |
_c178281 _d178281 |
||